<?xml version="1.0" encoding="UTF-8"?>
<record
    xmlns:xsi="http://www.w3.org/2001/XMLSchema-instance"
    xsi:schemaLocation="http://www.loc.gov/MARC21/slim http://www.loc.gov/standards/marcxml/schema/MARC21slim.xsd"
    xmlns="http://www.loc.gov/MARC21/slim">

  <leader>     nam a22     7a 4500</leader>
  <datafield tag="999" ind1=" " ind2=" ">
    <subfield code="c">336460</subfield>
    <subfield code="d">336460</subfield>
  </datafield>
  <controlfield tag="003">IT-MiCISF</controlfield>
  <controlfield tag="005">20170228171411.0</controlfield>
  <controlfield tag="008">170228b        xxu||||| |||| 00| 0 eng d</controlfield>
  <datafield tag="040" ind1=" " ind2=" ">
    <subfield code="c">IT-MiCISF</subfield>
  </datafield>
  <datafield tag="041" ind1=" " ind2=" ">
    <subfield code="a">it</subfield>
  </datafield>
  <datafield tag="100" ind1=" " ind2=" ">
    <subfield code="a">Colzani Alfonso</subfield>
    <subfield code="9">56148</subfield>
  </datafield>
  <datafield tag="245" ind1=" " ind2=" ">
    <subfield code="a">Pastorale familiare in tandem</subfield>
    <subfield code="b">Storia di un'esperienza milanese</subfield>
  </datafield>
  <datafield tag="260" ind1=" " ind2=" ">
    <subfield code="a">Milano</subfield>
    <subfield code="b">Ancora</subfield>
    <subfield code="c">2016</subfield>
  </datafield>
  <datafield tag="300" ind1=" " ind2=" ">
    <subfield code="a">pp. 125</subfield>
  </datafield>
  <datafield tag="500" ind1=" " ind2=" ">
    <subfield code="a">pastorale-familiare, coppia, esperienze, storia, gruppi-familiari, preparazione-al-matrimonio, pastorale-situazioni-difficili</subfield>
  </datafield>
  <datafield tag="501" ind1=" " ind2=" ">
    <subfield code="a">&#xAB;Una coppia in Curia&#xBB;, &#xAB;L&#x2019;ora dei laici&#xBB;, &#xAB;Una famiglia per le famiglie&#xBB;: cos&#xEC; giornali e siti di informazione titolavano nella primavera 2009, riportando la notizia che una coppia, genitori di quattro figli, sarebbero stati i nuovi responsabili del &#x201C;Servizio per la famiglia&#x201D; della diocesi di Milano, un incarico che fino ad allora era stato affidato sempre e solo a sacerdoti. In questo libro, i coniugi Colzani raccontano la storia di un &#x201C;esperimento ecclesiale&#x201D; durato cinque anni e tracciano un bilancio del loro lavoro. Ripercorrendo la vicenda di due sposi che hanno saputo lavorare insieme al servizio delle famiglie &#x2013; pedalando in sincrono sul tandem del loro impegno  &#x2013;  troviamo indicazioni per una rinnovata pastorale familiare e spunti per una spiritualit&#xE0; coniugale non astratta ma incarnata nell&#x2019;esperienza quotidiana.</subfield>
  </datafield>
  <datafield tag="650" ind1=" " ind2=" ">
    <subfield code="a">pastorale-familiare</subfield>
    <subfield code="9">56039</subfield>
  </datafield>
  <datafield tag="654" ind1=" " ind2=" ">
    <subfield code="a">saggio</subfield>
  </datafield>
  <datafield tag="700" ind1=" " ind2=" ">
    <subfield code="a">Dossi Francesca</subfield>
    <subfield code="9">56149</subfield>
  </datafield>
  <datafield tag="942" ind1=" " ind2=" ">
    <subfield code="2">ddc</subfield>
    <subfield code="c">BK</subfield>
  </datafield>
  <datafield tag="952" ind1=" " ind2=" ">
    <subfield code="0">0</subfield>
    <subfield code="1">0</subfield>
    <subfield code="2">ddc</subfield>
    <subfield code="4">0</subfield>
    <subfield code="6">B_7303_000000000000000</subfield>
    <subfield code="7">1</subfield>
    <subfield code="a">CISF</subfield>
    <subfield code="b">CISF</subfield>
    <subfield code="d">2017-02-28</subfield>
    <subfield code="l">0</subfield>
    <subfield code="o">b7303</subfield>
    <subfield code="p">9788851415563</subfield>
    <subfield code="r">2017-02-28 00:00:00</subfield>
    <subfield code="w">2017-02-28</subfield>
    <subfield code="y">BK</subfield>
  </datafield>
</record>
